000 00383nam a22001577a 4500
003 MPLRDC
005 20220104142444.0
008 210129b ||||| |||| 00| 0 eng d
082 _a091.4 GFL v.2
100 _a古斧岚编著
245 _a易经占卜今说. 中集
_c
260 _a
_b希代书版公司
_c1983
300 _b
650 _a易经
942 _cBK
_o091.4 GFL v.2
999 _c31047
_d31037